[Event "Como Province-ch"]
[Site "Villa Guardia"]
[Date "2013.01.27"]
[Round "6"]
[White "Corti, Massimo"]
[Black "Rossi, Giampiero"]
[Result "1/2-1/2"]
[WhiteElo "1986"]
[BlackElo "1898"]
[PlyCount "139"]
[EventDate "2013.01.19"]
[EventType "swiss"]
[EventRounds "6"]
[EventCountry "ITA"]
[SourceTitle "EXT 2014"]
[Source "ChessBase"]
[SourceDate "2013.11.20"]
[SourceVersion "1"]
[SourceVersionDate "2013.11.20"]
[SourceQuality "1"]

1. d4 d5 2. c4 e6 3. Nc3 c6 4. Nf3 Nf6 5. Bg5 Nbd7 6. e3 Qa5 7. Nd2 Bb4 8. Qc2 0-0 9. Be2 dxc4 10. Bxf6 Nxf6 11. Nxc4 Bxc3+ 12. bxc3 Qc7 13. 0-0 b6 14. a4 Ba6 15. a5 Bxc4 16. axb6 axb6 17. Bxc4 Rfd8 18. Rfb1 c5 19. Rxa8 Rxa8 20. Qe2 cxd4 21. cxd4 h6 22. h3 Rb8 23. Rb4 Qd6 24. Qb2 Qc7 25. Bd3 Nd5 26. Rb3 Rc8 27. Be4 Qc1+ 28. Kh2 Qxb2 29. Rxb2 Rc6 30. Bf3 Rd6 31. e4 Ne7 32. e5 Rxd4 33. Rxb6 Ng6 34. Rb8+ Kh7 35. Rb5 Rf4 36. Kg3 Rd4 37. Kh2 Nf4 38. g4 Nd3 39. Kg3 Rb4 40. Ra5 g6 41. Be2 Nf4 42. Bf1 g5 43. f3 Rb1 44. Kf2 Rb2+ 45. Kg3 Rd2 46. h4 Rd5 47. Rxd5 Nxd5 48. hxg5 hxg5 49. Bd3+ Kg7 50. Be4 Nf4 51. Kf2 f6 52. exf6+ Kxf6 53. Ke3 Ke5 54. Bb7 Nd5+ 55. Kf2 Kf4 56. Bc8 e5 57. Bb7 Nf6 58. Bc8 e4 59. fxe4 Nxe4+ 60. Kg2 Nf6 61. Be6 Nxg4 62. Bc8 Ne3+ 63. Kg1 Nf5 64. Kg2 g4 65. Bd7 Ne3+ 66. Kg1 g3 67. Bc6 Nf5 68. Kg2 Nd4 69. Bb7 Ne2 70. Bc6 1/2-1/2

[Event "Como Province-ch"]
[Site "Como"]
[Date "2012.01.22"]
[Round "3"]
[White "Mason, Giovanni"]
[Black "Corti, Massimo"]
[Result "0-1"]
[WhiteElo "1714"]
[BlackElo "2013"]
[PlyCount "50"]
[EventDate "2012.01.21"]
[EventType "swiss"]
[EventRounds "6"]
[EventCountry "ITA"]
[SourceTitle "EXT 2024"]
[Source "ChessBase"]
[SourceDate "2023.10.10"]
[SourceVersion "1"]
[SourceVersionDate "2023.10.10"]
[SourceQuality "1"]

1. e4 e6 2. Nf3 d5 3. exd5 exd5 4. c3 Bd6 5. d4 Ne7 6. Bd3 Nbc6 7. Be3 Bg4 8. Nbd2 Qd7 9. Qc2 f5 10. Nf1 Bxf3 11. gxf3 Qe6 12. Be2 f4 13. Bc1 0-0-0 14. b4 Nf5 15. Qd3 Rhe8 16. a3 Rd7 17. h4 Rde7 18. Ra2 Qf6 19. Rg1 Nfxd4 20. cxd4 Nxd4 21. Rg5 Rxe2+ 22. Rxe2 Nxe2 23. Qxe2 Rxe2+ 24. Kxe2 h6 25. Rxd5 Qe6+ 0-1

[Event "Como Province-ch"]
[Site "Como"]
[Date "2012.01.21"]
[Round "1"]
[White "Nastasi, Ivano"]
[Black "Corti, Massimo"]
[Result "0-1"]
[WhiteElo "1713"]
[BlackElo "2013"]
[PlyCount "91"]
[EventDate "2012.01.21"]
[EventType "swiss"]
[EventRounds "6"]
[EventCountry "ITA"]
[SourceTitle "EXT 2024"]
[Source "ChessBase"]
[SourceDate "2023.10.10"]
[SourceVersion "1"]
[SourceVersionDate "2023.10.10"]
[SourceQuality "1"]

1. d4 e6 2. c4 Nf6 3. Nc3 b6 4. e4 Bb4 5. Bg5 h6 6. Bxf6 Qxf6 7. a3 Bxc3+ 8. bxc3 e5 9. Nf3 Nc6 10. dxe5 Nxe5 11. Nxe5 Qxe5 12. Qd4 f6 13. Rc1 Bb7 14. f3 Qa5 15. Ra1 0-0-0 16. Be2 f5 17. 0-0 Rde8 18. Bd3 fxe4 19. Bxe4 Ba6 20. Rfd1 Re7 21. Qd5 Qxd5 22. cxd5 d6 23. Rab1 Bb7 24. c4 Re5 25. a4 a5 26. Rd2 Ba6 27. Rd4 Rhe8 28. Rc1 Kd8 29. Rc3 Bc8 30. Kf2 g5 31. g4 Rf8 32. Re3 Bxg4 33. Kg3 Bd7 34. c5 dxc5 35. Rc4 Rf4 36. Rb3 Ke7 37. h3 Kd6 38. Rbc3 Rh4 39. Rc1 Rxh3+ 40. Kg2 Rh4 41. Kg3 Bf5 42. Rf1 Bxe4 43. fxe4 Rexe4 44. Rf6+ Kxd5 45. Rxe4 Rxe4 46. Rxh6 0-1

[Event "Milan SSM August"]
[Site "Milan"]
[Date "2010.08.01"]
[Round "4"]
[White "Crippa, Gabriele"]
[Black "Corti, Massimo"]
[Result "1/2-1/2"]
[WhiteElo "2090"]
[BlackElo "2020"]
[PlyCount "23"]
[EventDate "2010.07.30"]
[EventType "swiss"]
[EventRounds "7"]
[EventCountry "ITA"]
[SourceTitle "EXT 2024"]
[Source "ChessBase"]
[SourceDate "2023.10.10"]
[SourceVersion "1"]
[SourceVersionDate "2023.10.10"]
[SourceQuality "1"]

1. d4 Nf6 2. Bg5 Ne4 3. h4 c6 4. c3 d5 5. Nd2 Nxd2 6. Qxd2 h6 7. Bf4 Bf5 8. g3 e6 9. Bh3 Bxh3 10. Nxh3 Bd6 11. Bxd6 Qxd6 12. Qf4 1/2-1/2

[Event "Milan Epiphany op"]
[Site "Milan"]
[Date "2010.01.06"]
[Round "7"]
[White "Marchini, Daniele"]
[Black "Corti, Massimo"]
[Result "0-1"]
[WhiteElo "1802"]
[BlackElo "2025"]
[PlyCount "74"]
[EventDate "2010.01.02"]
[EventType "swiss"]
[EventRounds "7"]
[EventCountry "ITA"]
[SourceTitle "EXT 2024"]
[Source "ChessBase"]
[SourceDate "2023.10.10"]
[SourceVersion "1"]
[SourceVersionDate "2023.10.10"]
[SourceQuality "1"]

1. d4 Nf6 2. c4 g6 3. Nc3 Bg7 4. e4 d6 5. Bd3 0-0 6. Nge2 c5 7. d5 Na6 8. a3 Nc7 9. 0-0 a6 10. h3 b5 11. cxb5 axb5 12. Nxb5 Nxb5 13. Bxb5 Nxe4 14. Bd3 Nf6 15. Nc3 Rb8 16. Qc2 e6 17. dxe6 fxe6 18. a4 Bb7 19. Re1 Qd7 20. Bb5 Qf7 21. Qe2 e5 22. a5 Kh8 23. a6 Ba8 24. Be3 Qc7 25. Ra3 d5 26. Bd2 d4 27. Na2 Ne4 28. a7 Rxb5 29. Qxb5 Nxd2 30. Qd3 Bh6 31. Re2 e4 32. Qc2 e3 33. f3 Qg3 34. Raxe3 dxe3 35. Rxd2 Qe1+ 36. Kh2 Bf4+ 37. g3 Qxd2+ 0-1

[Event "Milan Epiphany op"]
[Site "Milan"]
[Date "2010.01.03"]
[Round "3"]
[White "Corti, Massimo"]
[Black "Bertazzo, Giorgio"]
[Result "0-1"]
[WhiteElo "2025"]
[BlackElo "2105"]
[PlyCount "78"]
[EventDate "2010.01.02"]
[EventType "swiss"]
[EventRounds "7"]
[EventCountry "ITA"]
[SourceTitle "EXT 2024"]
[Source "ChessBase"]
[SourceDate "2023.10.10"]
[SourceVersion "1"]
[SourceVersionDate "2023.10.10"]
[SourceQuality "1"]

1. d4 Nf6 2. Nf3 d5 3. c4 e6 4. g3 Be7 5. Bg2 0-0 6. 0-0 c6 7. Qc2 Nbd7 8. Nc3 dxc4 9. a4 a5 10. e4 b6 11. Rd1 Ba6 12. Bf4 Qc8 13. h3 Rd8 14. g4 Nf8 15. g5 Ne8 16. h4 Bd6 17. e5 Be7 18. Nh2 Ra7 19. Ng4 Rad7 20. Be3 Qc7 21. Qe4 Bb7 22. Qf4 Ng6 23. Qg3 Bf8 24. Ne4 c5 25. h5 Ne7 26. Ngf6+ Nxf6 27. Nxf6+ gxf6 28. gxf6+ Kh8 29. fxe7 Bxe7 30. d5 Rg8 31. Qf4 Bxd5 32. Rxd5 exd5 33. Qxf7 Qxe5 34. Bf4 Qg7 35. Qxg7+ Kxg7 36. Re1 Kf7 37. Kf1 Rxg2 38. Kxg2 Bf6 39. Re2 c3 0-1

[Event "Milan Epiphany op"]
[Site "Milan"]
[Date "2010.01.02"]
[Round "1"]
[White "Corti, Massimo"]
[Black "Scagliotti, Guglielmo"]
[Result "1-0"]
[WhiteElo "2025"]
[BlackElo "1817"]
[PlyCount "79"]
[EventDate "2010.01.02"]
[EventType "swiss"]
[EventRounds "7"]
[EventCountry "ITA"]
[SourceTitle "EXT 2024"]
[Source "ChessBase"]
[SourceDate "2023.10.10"]
[SourceVersion "1"]
[SourceVersionDate "2023.10.10"]
[SourceQuality "1"]

1. d4 Nf6 2. Nf3 g6 3. g3 Bg7 4. Bg2 0-0 5. 0-0 d6 6. c4 Nbd7 7. Nc3 c5 8. e4 cxd4 9. Nxd4 Nc5 10. h3 Nfd7 11. Be3 Ne5 12. Qe2 Be6 13. Nd5 Bxd5 14. exd5 Rc8 15. f4 Ned7 16. Rad1 Nf6 17. Bf2 a6 18. Rfe1 Re8 19. Qd2 Qc7 20. b3 Kh8 21. Re2 Ng8 22. h4 h5 23. Qe1 Nh6 24. Bh3 Ng4 25. Bxg4 hxg4 26. f5 Be5 27. Qd2 Kh7 28. Qg5 Nd7 29. fxg6+ fxg6 30. Ne6 Qa5 31. Qxg4 Nf6 32. Ng5+ Kg7 33. Qe6 Rc7 34. Qf7+ Kh6 35. Be3 e6 36. Nxe6+ Kh5 37. Nxc7 Rh8 38. Ne6 Ng4 39. Ng7+ Bxg7 40. Qxg7 1-0

[Event "Florence op 17th"]
[Site "Florence"]
[Date "2009.12.08"]
[Round "6"]
[White "Corti, Massimo"]
[Black "Guglielmi, Dante"]
[Result "1-0"]
[WhiteElo "2031"]
[BlackElo "1918"]
[PlyCount "95"]
[EventDate "2009.12.06"]
[EventType "swiss"]
[EventRounds "6"]
[EventCountry "ITA"]
[SourceTitle "EXT 2012"]
[Source "ChessBase"]
[SourceDate "2011.11.24"]
[SourceVersion "1"]
[SourceVersionDate "2011.11.24"]
[SourceQuality "1"]

1. d4 d5 2. c4 e6 3. Nf3 Nf6 4. g3 Be7 5. Bg2 0-0 6. 0-0 Nbd7 7. Qc2 Re8 8. Rd1 c6 9. Nc3 Bd6 10. e4 dxe4 11. Ng5 Qe7 12. Ngxe4 Bc7 13. Bg5 h6 14. Be3 Nxe4 15. Bxe4 Nf6 16. Bg2 Bb6 17. Bf4 Rd8 18. c5 Bc7 19. Bxc7 Qxc7 20. Qe2 b6 21. Nb5 Qd7 22. Nd6 bxc5 23. dxc5 Nd5 24. Bxd5 exd5 25. Rd4 Qe6 26. Re1 Qxe2 27. Rxe2 g5 28. Re7 Ba6 29. f4 f6 30. Rc7 Rab8 31. Rxc6 Be2 32. b4 Rd7 33. Rc8+ Rxc8 34. Nxc8 Ba6 35. Nd6 Re7 36. b5 Bb7 37. Nxb7 Rxb7 38. a4 Kf7 39. Rxd5 Ke6 40. Rd6+ Ke7 41. f5 Rc7 42. Rd5 h5 43. h3 Ke8 44. c6 Ke7 45. Kf2 Ke8 46. Rd6 Ke7 47. Re6+ Kf7 48. Ke3 1-0

[Event "Florence op 17th"]
[Site "Florence"]
[Date "2009.12.06"]
[Round "2"]
[White "Bernardini, Luca"]
[Black "Corti, Massimo"]
[Result "1-0"]
[WhiteElo "1913"]
[BlackElo "2031"]
[PlyCount "51"]
[EventDate "2009.12.06"]
[EventType "swiss"]
[EventRounds "6"]
[EventCountry "ITA"]
[SourceTitle "EXT 2012"]
[Source "ChessBase"]
[SourceDate "2011.11.24"]
[SourceVersion "1"]
[SourceVersionDate "2011.11.24"]
[SourceQuality "1"]

1. e4 e6 2. d4 d5 3. e5 c5 4. c3 Nc6 5. Nf3 Qb6 6. Bd3 Bd7 7. 0-0 Rc8 8. dxc5 Bxc5 9. b4 Be7 10. a4 f6 11. Re1 fxe5 12. b5 Nd8 13. Nxe5 Nf6 14. Bg5 Nf7 15. Nxd7 Kxd7 16. Be3 Bc5 17. Bxc5 Rxc5 18. c4 Qd6 19. Qe2 d4 20. Nd2 Ne5 21. Nb3 Nxd3 22. Qxd3 Rcc8 23. c5 Qd5 24. Qxd4 Rhe8 25. Rad1 Ke7 26. Qxd5 1-0

[Event "Corsico op 31st"]
[Site "Corsico"]
[Date "2004.10.09"]
[Round "4"]
[White "Corti, Massimo"]
[Black "D'Apa, Matteo"]
[Result "0-1"]
[WhiteElo "2071"]
[BlackElo "1973"]
[PlyCount "40"]
[EventDate "2004.10.02"]
[EventType "swiss"]
[EventRounds "6"]
[EventCountry "ITA"]
[SourceTitle "EXT 2009"]
[Source "ChessBase"]
[SourceDate "2008.11.26"]
[SourceVersion "1"]
[SourceVersionDate "2008.11.26"]
[SourceQuality "1"]

1. Nf3 d5 2. d4 c6 3. c4 e6 4. Qc2 Nf6 5. Bg5 Be7 6. e3 Nbd7 7. Nc3 b6 8. Bd3 h6 9. Bh4 Bb7 10. Rd1 0-0 11. 0-0 c5 12. Qe2 Rc8 13. dxc5 Nxc5 14. Bb1 Ba6 15. b4 Bxc4 16. Qc2 Nce4 17. Nxe4 Nxe4 18. Qxe4 dxe4 19. Rxd8 Bxd8 20. Bxe4 Bxf1 0-1

[Event "Corsico op 31st"]
[Site "Corsico"]
[Date "2004.10.03"]
[Round "3"]
[White "Molteni, Costantino"]
[Black "Corti, Massimo"]
[Result "1/2-1/2"]
[WhiteElo "1965"]
[BlackElo "2071"]
[PlyCount "52"]
[EventDate "2004.10.02"]
[EventType "swiss"]
[EventRounds "6"]
[EventCountry "ITA"]
[SourceTitle "EXT 2009"]
[Source "ChessBase"]
[SourceDate "2008.11.26"]
[SourceVersion "1"]
[SourceVersionDate "2008.11.26"]
[SourceQuality "1"]

1. Nf3 d5 2. c4 c6 3. b3 Nf6 4. g3 Bf5 5. Bb2 Nbd7 6. Bg2 e6 7. 0-0 Be7 8. d4 0-0 9. Nc3 Ne4 10. Nd2 Nxc3 11. Bxc3 Nf6 12. Re1 c5 13. e4 cxd4 14. Bxd4 dxe4 15. Nxe4 Bxe4 16. Bxe4 Nxe4 17. Rxe4 Bf6 18. f4 Bxd4+ 19. Rxd4 Qb6 20. Kg2 Rfd8 21. Rxd8+ Rxd8 22. Qe2 Qc6+ 23. Kf2 Qc5+ 24. Kg2 Qc6+ 25. Kf2 Qc5+ 26. Kg2 Qc6+ 1/2-1/2

[Event "Crema op 06th"]
[Site "Crema"]
[Date "2004.09.05"]
[Round "6"]
[White "Annoni, Riccardo"]
[Black "Corti, Massimo"]
[Result "1/2-1/2"]
[WhiteElo "2086"]
[BlackElo "1997"]
[PlyCount "31"]
[EventDate "2004.09.03"]
[EventType "swiss"]
[EventRounds "6"]
[EventCountry "ITA"]
[SourceTitle "EXT 2007"]
[Source "ChessBase"]
[SourceDate "2006.11.23"]
[SourceVersion "1"]
[SourceVersionDate "2006.11.23"]
[SourceQuality "1"]

1. d4 e6 2. Nd2 Nf6 3. Ngf3 b6 4. e3 Bb7 5. Bd3 Be7 6. 0-0 d5 7. Ne5 0-0 8. f4 Nbd7 9. Qf3 c5 10. c3 Ne8 11. g4 f5 12. Qh3 Nd6 13. Ndf3 Ne4 14. g5 Nxe5 15. Nxe5 Bd6 16. Nf3 1/2-1/2

[Event "Crema op 06th"]
[Site "Crema"]
[Date "2004.09.04"]
[Round "4"]
[White "Castrogiovanni, Carlo"]
[Black "Corti, Massimo"]
[Result "1-0"]
[WhiteElo "2109"]
[BlackElo "1997"]
[PlyCount "21"]
[EventDate "2004.09.03"]
[EventType "swiss"]
[EventRounds "6"]
[EventCountry "ITA"]
[SourceTitle "EXT 2007"]
[Source "ChessBase"]
[SourceDate "2006.11.23"]
[SourceVersion "1"]
[SourceVersionDate "2006.11.23"]
[SourceQuality "1"]

1. Nf3 e6 2. g3 b6 3. Bg2 Bb7 4. c4 f5 5. d4 Nf6 6. 0-0 g6 7. Nc3 Bg7 8. Bg5 h6 9. Bd2 0-0 10. Qc1 Kh7 11. Ng5+ 1-0

[Event "Crema op 06th"]
[Site "Crema"]
[Date "2004.09.03"]
[Round "2"]
[White "Faraoni, Enrico"]
[Black "Corti, Massimo"]
[Result "1/2-1/2"]
[WhiteElo "2178"]
[BlackElo "1997"]
[PlyCount "42"]
[EventDate "2004.09.03"]
[EventType "swiss"]
[EventRounds "6"]
[EventCountry "ITA"]
[SourceTitle "EXT 2007"]
[Source "ChessBase"]
[SourceDate "2006.11.23"]
[SourceVersion "1"]
[SourceVersionDate "2006.11.23"]
[SourceQuality "1"]

1. e4 e6 2. d4 d5 3. exd5 exd5 4. c4 c6 5. Nc3 Bb4 6. Bd3 Ne7 7. Nge2 Nd7 8. 0-0 dxc4 9. Bxc4 Nb6 10. Bb3 0-0 11. Bg5 Kh8 12. Ne4 f6 13. Bd2 Bxd2 14. Qxd2 Ned5 15. Nc5 Re8 16. Rae1 Nd7 17. Nd3 Nf8 18. Nef4 Ne6 19. Nxe6 Bxe6 20. Nc5 Qc8 21. Bc2 Bf7 1/2-1/2